| 000 | 00696 a2200193 4500 | ||
|---|---|---|---|
| 999 |
_c6950 _d6950 |
||
| 020 | _a818128030x | ||
| 050 | _aHD38.5 KNO 2002 | ||
| 100 |
_aKnolmayer, Gerhard _eAuthor |
||
| 245 |
_aSupply chain management based on SAP systems : _border management in manufacturing companies / _cGerhard Knolmayer, Peter Mertens, Alexander Zeier |
||
| 264 |
_aNew York: _bSpringer, _c2002. |
||
| 300 | _a244p. : | ||
| 440 | _aSAP excellence | ||
| 500 | _aIncludes bibliographical references (p. [219]-236) and index | ||
| 650 |
_aBusiness logistics _xManagement |
||
| 650 | _aMaterials management | ||
| 700 |
_aMertens, Peter _eAuthor |
||
| 700 |
_aZeier, Alexander, _eAuthor |
||
| 942 |
_2lcc _cBK _h38.5 _iKNO _kHD |
||